Normal view
MARC view
- Criticism and interpretation.
Entry Topical Term
001 - CONTROL NUMBER
- control field: 5563
003 - CONTROL NUMBER IDENTIFIER
- control field: NUST
005 - DATE AND TIME OF LATEST TRANSACTION
- control field: 20171023112528.0
008 - FIXED-LENGTH DATA ELEMENTS
- fixed length control field: 171023|| aca||aabn | a|a d
040 ## - CATALOGING SOURCE
- Original cataloging agency: NUST
- Transcribing agency: NUST
150 ## - HEADING--TOPICAL TERM
- Topical term or geographic name entry element: Criticism and interpretation.
670 ## - SOURCE DATA FOUND
- Source citation: Work cat.: (NUST)0: 880-01 Iqbal, Muhammad, Sir, 1877-1938. 20, Muṭālaʻah-ʼi Bīdil :, 2000.
